00478nam a2200193 a 4500001001300000003000900013005001700022008004100039020001000080082001600090100001300106245004400119260003000163300000900193500003500202505001000237650002400247700001300271nice12345678IN_TiNIC20260116011329.0050524s1900 leia grp 000 0 fre  ac10000a892.71bGUI aGuidi, I aTables Alphabetiques Du Kitab Al-Aghani aLeidenbE. J. Brillc1900 a769p aincludes index and biblioraphy2 aIllus aArabic-Poetry Poets1 aGuidi, I